000 00778cam a2200205 i 4500
005 20251201112856.0
008 250721s2001 le gr 000 0 ara d
082 1 4 _a212
_bج ز ا
100 1 _aالجزائري، أبو بكر جابر
_eمؤلف.
245 1 0 _aكتاب المسجد وبيت المسلم،
_bأو، تربية الأسرة المسلمة /
_cتأليف أبو بكر جابر الجزائري.
246 1 3 _aتربية الأسرة المسلمة.
250 _aالطبعة الأولى.
264 3 1 _aبيروت :
_bالمكتبة العصرية،
_c2001.
300 _a384 صفحة.
650 1 7 _aالقرآن الكريم.
650 1 7 _aالحديث الشريف.
650 1 7 _aالتفسير.
942 _2ddc
_cBK
999 _c30467
_d30467